000 00329nam a2200109Ia 4500
008 171204s9999 xx 000 0 und d
245 _aUNIX:
245 _cRobert M. Koretsky and Syed Mansoor Sarwar
260 _c2016
650 _xADVANCED OPERATING SYSTEM AND NETWORKING
856 _uhttp://down.ebook777.com/047/1482233584.pdf
999 _c347107
_d347107